|
|
|
|
| LEADER |
00000nam a22000007a 4500 |
| 005 |
20111213143316.0 |
| 007 |
cr|||| |||| |
| 008 |
111213s2002 sp |||||s|||| 00||0 spa d |
| 020 |
|
|
|a 84-7088-724-6
|
| 035 |
|
|
|a 6096
|
| 040 |
|
|
|a vLex
|
| 090 |
|
|
|c 2829
|d 2829
|
| 245 |
0 |
0 |
|a Homenaje a Manuel Gimňez Abad
|h [Recurso electrn̤ico]
|
| 256 |
|
|
|a Servicio en ln̕ea
|
| 260 |
|
|
|a Madrid :
|b Instituto Nacional de Administracin̤ Pb︢lica,
|c 2002
|
| 300 |
|
|
|a 1 recurso electrn̤ico
|
| 506 |
1 |
|
|a Contenido solo disponible en los productos indicados
|d vLex Global
|d vLex Global (Academic Edition, excluding Law Schools)
|d vLex Global (U.S. Academic Edition, Law Schools)
|d vLex Global (U.S. Academic Edition, excluding Law Schools)
|d vLex Global (Academic Edition, Law Schools)
|
| 600 |
1 |
|
|a Gimňez Abad, Manuel
|
| 700 |
1 |
|
|a Gimňez Abad, Manuel
|
| 710 |
1 |
|
|a Instituto Nacional de Administracin̤ Pb︢lica (Espaą)
|
| 740 |
0 |
|
|a vLex Libros (Servicio en ln̕ea)
|
| 856 |
4 |
0 |
|u http://vlex.com/source/homenaje-manuel-gimenez-abad-6096
|z Acceso restringido
|
| 942 |
|
|
|c BOOK
|